Statistics for Countries Bordering Ukraine, with an Empty Map

Click here to take the quiz!

General Stats

  • This quiz has been taken 77,296 times
  • The average score is 7 of 7

Answers on the Map

Answers color-coded by a green-red scale on the quiz's map according to % correct below.
 

Answer Stats

Country% Correct
Russia
100%
Belarus
97%
Poland
96%
Romania
95%
Hungary
92%
Slovakia
91%
Moldova
90%

Score Distribution

Percentile by Number Answered

Percent of People with Each Score

Your Score History

You have not taken this quiz